| 000 | 01027cam a22002771i 4500 | ||
|---|---|---|---|
| 003 | SA-RiAUC | ||
| 005 | 20241224081030.0 | ||
| 008 | 241220s1992 le g 000 0 ara c | ||
| 040 |
_aSA-JeALM _bara _cSA-RiAUC _erda |
||
| 041 | 1 |
_aara _hund |
|
| 082 | 0 | 4 |
_a227.2 _qSA-RiAUC |
| 090 |
_a227.2 _bج و ل |
||
| 100 | 1 |
_aجولدتسهر، إجنتس، _d1850-1921 _eمؤلف. |
|
| 245 | 1 | 0 |
_aمذاهب التفسير الإسلامي / _cإجناس جولدزيهر ؛ ترجمة عبد الحليم النجار. |
| 250 | _aالطبعة الثانية. | ||
| 264 | 1 |
_aبيروت : _bدار اقرأ، _c1983 |
|
| 300 |
_a416 صفحة ؛ _c24 سم |
||
| 336 |
_aنص _btxt _2rdacontent _3كتاب |
||
| 337 |
_aبدون وسيط _bn _2rdamedia |
||
| 338 |
_aمجلد _bnc _2rdacarrier |
||
| 630 | 2 | 7 |
_aالقرآن _xتفسير _xمناهج _2aucut |
| 700 | 1 |
_aالنجار، عبد الحليم، _dتوفي 1964 _eمترجم. |
|
| 730 | 2 | 2 | _aالقرآن |
| 942 |
_2ddc _cBOOK _n0 |
||
| 949 |
_aSA-JeALM _d241220 _umohamedma123 _n1 |
||
| 999 |
_c3872 _d3872 |
||